[Event "Amagermesterskabet 2010"]
[Site "Sundbyoster"]
[Date "2010.09.07"]
[Round "3"]
[White "Hansen, Benny"]
[Black "Moller, Arne Vagn"]
[Result "1-0"]
[WhiteElo "1342"]
[BlackElo "1826"]
[PlyCount "65"]
[EventDate "2010.??.??"]

1. e4 c5 2. Nf3 d6 3. d4 cxd4 4. Nxd4 Nf6 5. Nc3 a6 6. Be2 e6 7. Be3 Be7 8. Qd2
Qc7 9. f4 Nc6 10. O-O-O O-O 11. g4 Nxd4 12. Bxd4 e5 13. Be3 exf4 14. Bxf4 Be6
15. g5 Ne8 16. Nd5 Bxd5 17. exd5 b5 18. Bd3 Rb8 19. h4 b4 20. b3 Qa5 21. Kb1
Nc7 22. Bc4 Nb5 23. Bxb5 axb5 24. Qd4 Rfc8 25. h5 Rc3 26. h6 Bf8 27. Bxd6 Ra8
28. a4 f6 29. Bxf8 Rxf8 30. hxg7 Rf7 31. Qe4 Kxg7 32. Rxh7+ Kf8 33. Rh8+ 1-0

[Event "Amagermesterskabet 2010"]
[Site "Sundbyoster"]
[Date "2010.09.07"]
[Round "3"]
[White "Jensen, Simon Stibolt"]
[Black "Jensen, Thore Nyboe"]
[Result "1-0"]
[WhiteElo "1250"]
[BlackElo "1965"]
[PlyCount "41"]
[EventDate "2010.??.??"]

1. e4 c5 2. Nf3 d6 3. d4 cxd4 4. Nxd4 Nf6 5. Nc3 a6 6. Bc4 b5 7. Bb3 Nbd7 8.
Bg5 Qc7 9. O-O Bb7 10. f3 e6 11. Re1 Nc5 12. Bxf6 Nxb3 13. axb3 gxf6 14. Qd2
O-O-O 15. Ncxb5 axb5 16. Nxb5 Qb6+ 17. Re3 Qxb5 18. Rc3+ Kb8 19. Qd4 Qc5 20.
Rxc5 dxc5 21. Qxd8+ 1-0

[Event "Amagermesterskabet 2010"]
[Site "Sundbyoster"]
[Date "2010.09.14"]
[Round "3"]
[White "Haagen Larsen, Hans"]
[Black "Gade, Jens"]
[Result "1-0"]
[WhiteElo "1593"]
[BlackElo "1255"]
[PlyCount "23"]
[EventDate "2010.??.??"]

1. d4 d5 2. Nf3 Nf6 3. Bf4 e6 4. e3 Be7 5. c3 O-O 6. Nbd2 c5 7. Bd3 Nc6 8. h4
Nh5 9. Ng5 Nxf4 10. exf4 Bxg5 11. hxg5 cxd4 12. Bxh7+ 1-0

[Event "Amagermesterskabet 2010"]
[Site "Sundbyoster"]
[Date "2010.09.07"]
[Round "3"]
[White "Larsen, Kim"]
[Black "Mollmann, Erik"]
[Result "1/2-1/2"]
[WhiteElo "1633"]
[BlackElo "1528"]
[PlyCount "34"]
[EventDate "2010.??.??"]

1. c4 Nc6 2. Nc3 e5 3. g3 Bc5 4. Bg2 d6 5. e3 Be6 6. d3 Qd7 7. a3 a5 8. Bd2 Nf6
9. Nd5 Bxd5 10. cxd5 Ne7 11. b4 axb4 12. axb4 Rxa1 13. Qxa1 Bb6 14. Qa8+ Qc8
15. Qxc8+ Nxc8 16. Ne2 Ne7 17. e4 O-O 1/2-1/2

[Event "Amagermesterskabet 2010"]
[Site "Sundbyoster"]
[Date "2010.09.06"]
[Round "3"]
[White "Madsen, Poul Henrik"]
[Black "Petersen, Nils"]
[Result "1-0"]
[WhiteElo "2095"]
[BlackElo "2039"]
[PlyCount "111"]
[EventDate "2010.??.??"]

1. d4 Nf6 2. Nf3 e6 3. e3 c5 4. Bd3 Nc6 5. O-O d5 6. b3 Be7 7. Nbd2 cxd4 8.
exd4 O-O 9. Bb2 b6 10. a3 Bb7 11. Re1 Nd7 12. Re3 Bf6 13. Ne5 g6 14. f4 Bg7 15.
Qg4 Re8 16. Ndf3 f5 17. Nxc6 Bxc6 18. Qh3 Nf6 19. Ng5 Bd7 20. Rae1 Qc8 21. c4
h6 22. Nf3 Ne4 23. Ne5 Bxe5 24. fxe5 h5 25. Bxe4 dxe4 26. Rg3 Kh7 27. Bc1 Rg8
28. Rg5 Be8 29. g4 Bf7 30. Qe3 Qf8 31. h3 Rg7 32. Re2 hxg4 33. hxg4 Kg8 34.
gxf5 exf5 35. d5 Qc5 36. e6 Be8 37. Bb2 Qxe3+ 38. Rxe3 Rd8 39. Bf6 Rd6 40. Be5
Rd8 41. d6 Bc6 42. d7 Bxd7 43. Bxg7 Kxg7 44. exd7 Rxd7 45. Reg3 Kf6 46. Rxg6+
Ke5 47. Rg7 Rd1+ 48. Kf2 Kf4 49. Ke2 Ra1 50. b4 Ra2+ 51. Kd1 e3 52. c5 bxc5 53.
bxc5 Rxa3 54. c6 Rc3 55. c7 a5 56. Rxe3 1-0

[Event "Amagermesterskabet 2010"]
[Site "Sundbyoster"]
[Date "2010.10.12"]
[Round "3"]
[White "Nielsen, Bjorn"]
[Black "Andersen, Henrik Hauge"]
[Result "0-1"]
[WhiteElo "1050"]
[BlackElo "1821"]
[PlyCount "94"]
[EventDate "2010.??.??"]

1. e4 d5 2. exd5 Nf6 3. d4 Bg4 4. Nf3 Nxd5 5. Be2 e6 6. O-O Be7 7. Bd2 O-O 8.
c4 Nb6 9. Nc3 c6 10. b3 N8d7 11. Be3 Qc7 12. Re1 Rad8 13. Qc2 Nf6 14. Ne5 Bf5
15. Bd3 Bxd3 16. Qxd3 Qxe5 17. dxe5 Rxd3 18. Bxb6 axb6 19. Ne2 Nd7 20. f4 Rd8
21. Rac1 Nc5 22. Nc3 Rd2 23. Re2 Rxe2 24. Nxe2 Rd2 25. Nc3 Nd3 26. Rd1 Rxd1+
27. Nxd1 Nxf4 28. h3 Bc5+ 29. Kf1 Bd4 30. h4 Nd3 31. g4 Nxe5 32. Nf2 Bxf2 33.
Kxf2 Nxg4+ 34. Kg3 h5 35. Kf4 Kh7 36. a4 Kg6 37. Ke4 Kf6 38. b4 g5 39. b5 gxh4
40. Kd4 h3 41. c5 cxb5 42. axb5 h2 43. cxb6 h1=Q 44. Kc5 Qd5+ 45. Kb4 Ne5 46.
Ka5 Nd3 47. Ka4 Qa2# 0-1

[Event "Amagermesterskabet 2010"]
[Site "Sundbyoster"]
[Date "2010.09.07"]
[Round "3"]
[White "Svensson, John Michael"]
[Black "Tronning, Mark Philip"]
[Result "0-1"]
[WhiteElo "1440"]
[BlackElo "1384"]
[PlyCount "60"]
[EventDate "2010.??.??"]

1. Nc3 Nf6 2. Nf3 g6 3. e4 d6 4. Bc4 Bg7 5. d3 O-O 6. h3 Nbd7 7. d4 Nb6 8. Bd3
Nfd7 9. Bd2 e5 10. d5 Nc5 11. Be2 f5 12. Bg5 Qe8 13. Nd2 fxe4 14. Ndxe4 Nxe4
15. Nxe4 Bd7 16. c4 Nc8 17. O-O h6 18. Be3 Ne7 19. g4 g5 20. Ng3 Ng6 21. Nh5
Bh8 22. Qc2 Nf4 23. Bxf4 gxf4 24. Bd3 Bg7 25. Bg6 Qd8 26. Bh7+ Kh8 27. Nxg7 Qh4
28. Qd3 f3 29. Nf5 Qxh3 30. Ne3 Rf4 0-1

[Event "Amagermesterskabet 2010"]
[Site "Sundbyoster"]
[Date "2010.09.21"]
[Round "4"]
[White "Andreasen, Rene"]
[Black "Varming, Thomas"]
[Result "0-1"]
[WhiteElo "1798"]
[BlackElo "1758"]
[PlyCount "44"]
[EventDate "2010.??.??"]

1. d4 d5 2. Nf3 Nf6 3. e3 c6 4. Bd3 Bg4 5. Nbd2 Nbd7 6. h3 Bh5 7. O-O e5 8.
dxe5 Nxe5 9. Be2 Nxf3+ 10. Nxf3 Bd6 11. Nh4 Bg6 12. Nxg6 hxg6 13. c4 Qe7 14.
Qd4 O-O-O 15. Qxa7 Ne4 16. cxd5 Bb8 17. Qb6 Rxd5 18. Rd1 Qd6 19. Bg4+ f5 20.
Rxd5 Qxd5 21. Bf3 Qd6 22. Bxe4 Qd1# 0-1

[Event "Amagermesterskabet 2010"]
[Site "Sundbyoster"]
[Date "2010.09.21"]
[Round "4"]
[White "Gade, Jens"]
[Black "Dupont, Michael Kim"]
[Result "1-0"]
[WhiteElo "1255"]
[BlackElo "1195"]
[PlyCount "105"]
[EventDate "2010.??.??"]

1. b3 Nf6 2. Bb2 e6 3. Nf3 Nc6 4. g3 d5 5. Bg2 Be7 6. O-O h6 7. h3 g5 8. Nh2
Rg8 9. e3 e5 10. f4 e4 11. fxg5 Rxg5 12. Qe1 Nb4 13. Na3 Qd6 14. Qf2 Bxh3 15.
Bxh3 Rxg3+ 16. Bg2 Rg6 17. Nb5 Qd7 18. Nd4 O-O-O 19. Qf5 Rdg8 20. Qxd7+ Nxd7
21. Rf2 Bh4 22. Re2 Ne5 23. Kh1 Kb8 24. Nf5 Bf6 25. Nd4 Rg5 26. a3 Nbc6 27.
Nxc6+ bxc6 28. Rf1 R8g6 29. Bd4 Rh5 30. Rg1 Nf3 31. Bxf3 exf3 32. Rf2 Bxd4 33.
exd4 Rg2 34. Rgxg2 fxg2+ 35. Kxg2 f5 36. Nf3 f4 37. Re2 Rf5 38. Re5 Rf8 39. Re6
Rg8+ 40. Kf2 h5 41. Rh6 Kb7 42. Rxh5 Kb6 43. Rh6 Rd8 44. Rf6 a5 45. a4 Rd6 46.
Rxf4 c5 47. dxc5+ Kxc5 48. c3 Rb6 49. Nd4 Rh6 50. Ke3 Rh1 51. Kd3 c6 52. Rf6
Rh3+ 53. Kc2 1-0

[Event "Amagermesterskabet 2010"]
[Site "Sundbyoster"]
[Date "2010.09.21"]
[Round "4"]
[White "Justesen, Martin"]
[Black "Madsen, Poul Henrik"]
[Result "0-1"]
[WhiteElo "1586"]
[BlackElo "2095"]
[PlyCount "126"]
[EventDate "2010.??.??"]

1. e4 g6 2. d4 Bg7 3. Nc3 c6 4. Nf3 d6 5. Bg5 Qb6 6. Qd2 Qxb2 7. Rb1 Qa3 8. Be2
Nd7 9. O-O Qa5 10. Rfe1 h6 11. Bf4 g5 12. Bg3 a6 13. Qe3 e5 14. d5 c5 15. h4 g4
16. Nh2 h5 17. f3 Bh6 18. Qd3 b5 19. Nd1 c4 20. Qc3 Qxc3 21. Nxc3 Bd2 22. Nd1
Bxe1 23. Bxe1 gxf3 24. Nxf3 Ngf6 25. Ng5 Nc5 26. Nf2 Ng4 27. Bb4 f6 28. Bxc5
dxc5 29. Nf3 Ne3 30. Ne1 Bd7 31. Nd1 Nxd1 32. Bxd1 O-O-O 33. Be2 Rdg8 34. Kf2
Kc7 35. a4 Rb8 36. a5 Rbg8 37. c3 Bg4 38. Nf3 Kd6 39. Rd1 Rh7 40. Ng1 Rhg7 41.
Nf3 Rf7 42. Rg1 Rff8 43. Ke3 Bd7 44. Nd2 Rg3+ 45. Bf3 Be8 46. Kf2 Rg7 47. Ke3
Rh8 48. Kf2 Bd7 49. Nf1 Bg4 50. Ng3 b4 51. Bxg4 Rxg4 52. Nf5+ Kd7 53. Kf3 Rf4+
54. Ke3 Rg8 55. g3 Rxf5 56. exf5 Kd6 57. g4 hxg4 58. h5 b3 59. Kd2 Kxd5 60. h6
Rh8 61. Rxg4 Rxh6 62. Rg6 Rxg6 63. fxg6 Ke6 0-1

[Event "Amagermesterskabet 2010"]
[Site "Sundbyoster"]
[Date "2010.09.21"]
[Round "4"]
[White "Haagen Larsen, Hans"]
[Black "Svensson, John Michael"]
[Result "0-1"]
[WhiteElo "1593"]
[BlackElo "1440"]
[PlyCount "108"]
[EventDate "2010.??.??"]

1. d4 Nf6 2. Nf3 c5 3. e3 cxd4 4. exd4 d6 5. Bf4 g6 6. Nbd2 Bg7 7. h4 Bg4 8.
Be2 Qa5 9. c3 Nbd7 10. Qb3 Qb6 11. Bc4 Qxb3 12. Bxb3 h6 13. O-O-O Nb6 14. Rde1
Rd8 15. Nh2 Bf5 16. f3 Nh5 17. Be3 Bd3 18. Nhf1 Nf6 19. g4 Nfd5 20. Ng3 e6 21.
f4 f5 22. gxf5 gxf5 23. Nh5 Rg8 24. Rh3 Rc8 25. Kd1 Kf7 26. Rg3 Nf6 27. Bxe6+
Kxe6 28. Nxg7+ Kd5 29. Bg1 Ne4 30. Rxd3 Rxg7 31. Nxe4 fxe4 32. Rd2 Rg4 33. Rf2
Nc4 34. Kc1 Rcg8 35. Bh2 e3 36. Rfe2 Rg2 37. b3 Nd2 38. Kd1 Nf3 39. Rh1 Ke4 40.
f5 Rxe2 41. Kxe2 Rg2+ 42. Kf1 Rxh2 43. Rxh2 Nxh2+ 44. Ke2 Ng4 45. c4 Kxf5 46.
Kf3 h5 47. b4 Ke6 48. a4 Kd7 49. d5 a6 50. a5 Kc7 51. c5 Kd7 52. Ke2 Nf6 53.
c6+ bxc6 54. dxc6+ Kxc6 0-1

[Event "Amagermesterskabet 2010"]
[Site "Sundbyoster"]
[Date "2010.10.12"]
[Round "4"]
[White "Friis, Jordy"]
[Black "Larsen, Kim"]
[Result "1-0"]
[WhiteElo "1469"]
[BlackElo "1633"]
[PlyCount "71"]
[EventDate "2010.??.??"]

1. d4 e6 2. c4 g6 3. Nc3 Bg7 4. e4 d6 5. Nf3 Ne7 6. Be2 O-O 7. O-O c5 8. Be3
cxd4 9. Bxd4 e5 10. Be3 a6 11. Qd2 Qc7 12. Rfd1 Rd8 13. Bg5 f6 14. Be3 Be6 15.
b3 Nbc6 16. Nd5 Bxd5 17. cxd5 Nb8 18. Rac1 Qd7 19. Bb6 Rc8 20. Qe3 f5 21. Bd3
f4 22. Qd2 h6 23. Qa5 Nbc6 24. dxc6 Nxc6 25. Qd5+ Kh7 26. a3 Ne7 27. Qa5 Nc6
28. Qd2 g5 29. Bc4 Bf6 30. Qxd6 Qxd6 31. Rxd6 Bd8 32. Bxd8 Rxd8 33. Rcd1 Nd4
34. Rxd8 Rxd8 35. Nxd4 exd4 36. Bd5 1-0

[Event "Amagermesterskabet 2010"]
[Site "Sundbyoster"]
[Date "2010.09.21"]
[Round "4"]
[White "Larsen, Ulrik Jejlskov"]
[Black "Jensen, Simon Stibolt"]
[Result "0-1"]
[WhiteElo "1526"]
[BlackElo "1250"]
[PlyCount "58"]
[EventDate "2010.??.??"]

1. d4 d5 2. e3 Nf6 3. Bd3 c5 4. c3 c4 5. Bc2 Nc6 6. Nf3 Bg4 7. Nbd2 b5 8. O-O
e5 9. dxe5 Nxe5 10. Qe2 Nxf3+ 11. Nxf3 Qc7 12. e4 Be7 13. exd5 Nxd5 14. Re1 Rd8
15. Bg5 Rd6 16. Qe4 f5 17. Qe5 Bxf3 18. Qxg7 Rf8 19. gxf3 Rg6 20. Qxh7 Rxg5+
21. Kh1 Qf4 22. Bd1 Rfg8 23. a4 Qd2 24. Be2 bxa4 25. Bxc4 Qxf2 26. Qh3 Nf4 27.
Bb5+ Kf8 28. Qh6+ R5g7 29. Re2 Qxf3+ 0-1

[Event "Amagermesterskabet 2010"]
[Site "Sundbyoster"]
[Date "2010.09.21"]
[Round "4"]
[White "Lunding, Peter M"]
[Black "Nielsen, Bjorn"]
[Result "1-0"]
[WhiteElo "1915"]
[BlackElo "1050"]
[PlyCount "101"]
[EventDate "2010.??.??"]

1. d4 Nf6 2. Nf3 e6 3. Bg5 Be7 4. Nbd2 O-O 5. e4 Nc6 6. c3 Ne8 7. Bxe7 Nxe7 8.
Bd3 e5 9. Nxe5 d6 10. Nef3 Bg4 11. h3 Bh5 12. Qc2 Bg6 13. Nh4 c6 14. O-O-O h6
15. f4 d5 16. Nxg6 Nxg6 17. g3 dxe4 18. Bxe4 Qf6 19. Nf3 Nd6 20. Bxg6 Qxg6 21.
Qxg6 fxg6 22. Ne5 g5 23. fxg5 hxg5 24. Rhf1 Rxf1 25. Rxf1 Ne4 26. Kc2 Rf8 27.
Rxf8+ Kxf8 28. Nf3 Ke7 29. Kb3 c5 30. Kc4 cxd4 31. Kxd4 Nf6 32. Nxg5 Ne8 33.
Ke5 Nf6 34. Ne4 Nd7+ 35. Kf5 Nf8 36. h4 a6 37. Nc5 Kd6 38. Nxb7+ Kc6 39. Nd8+
Kd7 40. Nf7 g6+ 41. Kf6 a5 42. Ne5+ Ke8 43. g4 a4 44. b3 a3 45. b4 Nd7+ 46.
Nxd7 Kxd7 47. Kxg6 Kd6 48. Kf5 Kd5 49. g5 Kc4 50. g6 Kxc3 51. g7 1-0

[Event "Amagermesterskabet 2010"]
[Site "Sundbyoster"]
[Date "2010.09.21"]
[Round "4"]
[White "Moller, Arne Vagn"]
[Black "Aabling Thomsen, Jakob"]
[Result "0-1"]
[WhiteElo "1826"]
[BlackElo "2326"]
[PlyCount "64"]
[EventDate "2010.??.??"]

1. e4 d6 2. d4 Nf6 3. Nc3 Nbd7 4. h3 e5 5. Be3 Be7 6. g4 O-O 7. Bg2 c6 8. Nge2
b5 9. Ng3 Re8 10. g5 exd4 11. Bxd4 Nd5 12. exd5 Bxg5+ 13. Kf1 c5 14. Bxg7 Kxg7
15. h4 Be7 16. Nf5+ Kh8 17. Nh6 Rf8 18. Qh5 Ne5 19. Be4 Ng6 20. Nf5 Bf6 21. Rg1
Re8 22. f3 Bxc3 23. bxc3 Qf6 24. Re1 Re5 25. Rg5 Bxf5 26. Rxf5 Rxf5 27. Bxf5
Qxc3 28. Bd3 Qf6 29. Re2 c4 30. Bf5 Rg8 31. f4 Nf8 32. Kf2 Qd4+ 0-1

[Event "Amagermesterskabet 2010"]
[Site "Sundbyoster"]
[Date "2010.09.21"]
[Round "4"]
[White "Nielsen, Mogens Bach"]
[Black "Hansen, Benny"]
[Result "1-0"]
[WhiteElo "1862"]
[BlackElo "1342"]
[PlyCount "69"]
[EventDate "2010.??.??"]

1. b4 e5 2. Bb2 d6 3. e3 Nf6 4. d3 Be6 5. Nf3 Be7 6. Nbd2 a6 7. c4 Nbd7 8. Be2
c5 9. bxc5 Nxc5 10. d4 exd4 11. exd4 Ncd7 12. d5 Bg4 13. h3 Bxf3 14. Bxf3 O-O
15. O-O Nc5 16. Qc2 Rc8 17. Rab1 Re8 18. Nb3 Rc7 19. Rfe1 b6 20. Nd4 Qd7 21.
Nc6 a5 22. Bxf6 Bxf6 23. Bg4 Ne6 24. Rxb6 Rb7 25. dxe6 fxe6 26. Rxb7 Qxb7 27.
Bf3 Qc7 28. Qd2 g6 29. Qxa5 Qxa5 30. Nxa5 Bc3 31. Rd1 Bxa5 32. Rxd6 Rb8 33.
Rxe6 Bc7 34. g3 Rf8 35. Bd5 1-0

[Event "Amagermesterskabet 2010"]
[Site "Sundbyoster"]
[Date "2010.09.21"]
[Round "4"]
[White "Petersen, Nils"]
[Black "Brorsen, Jacob Abildlund"]
[Result "1/2-1/2"]
[WhiteElo "2039"]
[BlackElo "2018"]
[PlyCount "66"]
[EventDate "2010.??.??"]

1. c4 Nf6 2. g3 c5 3. Bg2 e6 4. Nc3 d5 5. d3 Be7 6. e3 O-O 7. Nge2 Nc6 8. O-O
Rb8 9. b3 a6 10. Bb2 Na5 11. Nf4 dxc4 12. dxc4 b5 13. cxb5 axb5 14. Qxd8 Rxd8
15. Rfd1 Ba6 16. Rxd8+ Rxd8 17. Rd1 Rxd1+ 18. Nxd1 b4 19. Bf1 Bb7 20. Be2 Nd5
21. Nxd5 Bxd5 22. f3 f5 23. Nf2 Bb7 24. Kf1 Bd6 25. Ke1 Kf7 26. Kd2 g5 27. e4
Nc6 28. exf5 exf5 29. Bc4+ Kg6 30. Bd5 h5 31. Nd3 h4 32. Bxc6 Bxc6 33. Ne5+
Bxe5 1/2-1/2

[Event "Amagermesterskabet 2010"]
[Site "Sundbyoster"]
[Date "2010.09.21"]
[Round "4"]
[White "Tronning, Mark Philip"]
[Black "Andersen, Henrik Hauge"]
[Result "1/2-1/2"]
[WhiteElo "1384"]
[BlackElo "1821"]
[PlyCount "158"]
[EventDate "2010.??.??"]

1. b3 d5 2. Bb2 Nf6 3. e3 Nbd7 4. Nf3 e6 5. d3 b6 6. Be2 Bb7 7. O-O c5 8. Nbd2
Be7 9. c4 O-O 10. Qc2 Rc8 11. Rac1 Re8 12. Rfd1 Bd6 13. h3 e5 14. cxd5 Nxd5 15.
Nc4 Nb4 16. Qb1 Bb8 17. a3 Nd5 18. e4 Nf4 19. Bf1 Qf6 20. Ncd2 Nf8 21. g3 N4e6
22. Nh4 Nd4 23. Bxd4 exd4 24. Nf5 Nd7 25. Nf3 g6 26. N5h4 Ne5 27. Bg2 g5 28.
Nf5 Nxd3 29. Rxd3 Bxe4 30. g4 Re6 31. Nd2 Bxd3 32. Qxd3 Rce8 33. Ne4 Qd8 34. f3
Qc7 35. Kf2 f6 36. Kf1 Kf8 37. Rc2 Qf4 38. Kg1 h5 39. a4 hxg4 40. hxg4 Kf7 41.
Rf2 Rh8 42. Qb5 Qc7 43. Qd3 Qc6 44. Kf1 Bf4 45. Re2 Be5 46. Qc4 Qb7 47. Nxg5+
fxg5 48. Rxe5 Qd7 49. Rxe6 Qxe6 50. Nd6+ Ke7 51. Nf5+ Kf6 52. Qd3 Re8 53. Qd1
Qd7 54. Ng3 d3 55. Ne4+ Kg6 56. Kf2 Qd4+ 57. Kg3 Qe3 58. Bf1 Rh8 59. Bxd3 Qf4+
60. Kg2 Rh2+ 61. Kg1 Rb2 62. Nf2+ Kh6 63. Qf1 Qxf3 64. Qg2 Qxg2+ 65. Kxg2 Rxb3
66. Bb5 Rb2 67. Kg3 Ra2 68. Ne4 a6 69. Bxa6 Rxa4 70. Bb5 Rb4 71. Nd6 Rb2 72.
Bc4 Rd2 73. Nb5 Rc2 74. Nd6 Rd2 75. Nb5 Rd8 76. Kf2 Kg7 77. Ke3 Kf6 78. Ke4
Re8+ 79. Kd3 Ke5 1/2-1/2

[Event "Amagermesterskabet 2010"]
[Site "Sundbyoster"]
[Date "2010.09.28"]
[Round "5"]
[White "Brorsen, Jacob Abildlund"]
[Black "Madsen, Poul Henrik"]
[Result "1-0"]
[WhiteElo "2018"]
[BlackElo "2095"]
[PlyCount "59"]
[EventDate "2010.??.??"]

1. e4 d6 2. d4 Nf6 3. Nc3 g6 4. f4 Bg7 5. Nf3 O-O 6. Bd3 a6 7. a4 Nc6 8. d5 Nb4
9. O-O c6 10. dxc6 bxc6 11. Qe1 a5 12. Qh4 Ba6 13. Rd1 Qb6+ 14. Kh1 Bxd3 15.
cxd3 Nc2 16. Rb1 Rfb8 17. e5 Nd5 18. Nxd5 cxd5 19. e6 f6 20. b3 Ne3 21. Re1 d4
22. Qf2 Ra7 23. Rxe3 Qa6 24. Nxd4 f5 25. Nb5 Rxb5 26. axb5 Qxb5 27. Qc2 Bd4 28.
Bb2 Qb6 29. Ree1 Bxb2 30. Qxb2 1-0

[Event "Amagermesterskabet 2010"]
[Site "Sundbyoster"]
[Date "2010.10.12"]
[Round "5"]
[White "Gade, Jens"]
[Black "Andreasen, Rene"]
[Result "1/2-1/2"]
[WhiteElo "1255"]
[BlackElo "1798"]
[PlyCount "89"]
[EventDate "2010.??.??"]

1. f4 Nf6 2. Nf3 d6 3. e3 g6 4. Be2 Bg7 5. O-O O-O 6. Nc3 Re8 7. d3 c6 8. Bd2
Na6 9. a3 Nc7 10. Rb1 Ncd5 11. Nxd5 Nxd5 12. e4 Qb6+ 13. Kh1 Ne3 14. Bxe3 Qxe3
15. Qd2 Qb6 16. c3 Qc7 17. Rbe1 Bd7 18. d4 c5 19. e5 Rad8 20. b4 Bc6 21. bxc5
dxc5 22. Qc1 Bxf3 23. Bxf3 cxd4 24. cxd4 Qxc1 25. Rxc1 Rxd4 26. Bxb7 Rb8 27.
Rc7 Bf8 28. g3 Ra4 29. Rf3 Rd8 30. Rcc3 Rb8 31. Bc6 Rd4 32. Rfd3 Rbd8 33. Rxd4
Rxd4 34. a4 Rd8 35. Bb5 Rd4 36. Kg2 h6 37. Rc2 g5 38. Kf3 Kg7 39. h4 a6 40.
Bxa6 Rxa4 41. Be2 Ra5 42. Kg4 gxf4 43. gxf4 Ra1 44. Kh5 Ra4 45. Kg4 1/2-1/2

[Event "Amagermesterskabet 2010"]
[Site "Sundbyoster"]
[Date "2010.09.28"]
[Round "5"]
[White "Hansen, Benny"]
[Black "Andersen, Henrik Hauge"]
[Result "0-1"]
[WhiteElo "1342"]
[BlackElo "1821"]
[PlyCount "74"]
[EventDate "2010.??.??"]

1. e4 c5 2. Nf3 e6 3. d4 cxd4 4. Nxd4 Nf6 5. Nc3 Bb4 6. Bd3 Bxc3+ 7. bxc3 d6 8.
Bg5 Qc7 9. Nb5 Qc6 10. Qd2 Nxe4 11. Bxe4 Qxe4+ 12. Be3 Qc6 13. Nxd6+ Ke7 14.
Nxc8+ Rxc8 15. O-O Qxc3 16. Rad1 Qxd2 17. Rxd2 Nd7 18. Rfd1 Rc7 19. h3 Rac8 20.
Bxa7 b6 21. Rxd7+ Rxd7 22. Rxd7+ Kxd7 23. Bxb6 Rxc2 24. a4 Kc6 25. a5 Ra2 26.
Kf1 Kd5 27. g3 Ke4 28. Kg2 g5 29. Bd8 Kf5 30. g4+ Kg6 31. Bb6 h5 32. gxh5+ Kxh5
33. Kg3 f5 34. Kf3 Ra3+ 35. Kg2 Kh4 36. f3 Ra2+ 37. Bf2+ Kh5 0-1

[Event "Amagermesterskabet 2010"]
[Site "Sundbyoster"]
[Date "2010.09.28"]
[Round "5"]
[White "Jensen, Thore Nyboe"]
[Black "Larsen, Kim"]
[Result "1-0"]
[WhiteElo "1965"]
[BlackElo "1633"]
[PlyCount "37"]
[EventDate "2010.??.??"]

1. e4 c5 2. Nf3 e6 3. d4 cxd4 4. Nxd4 a6 5. Be2 Nf6 6. Nd2 Qc7 7. O-O Bc5 8.
N4b3 Bd6 9. g3 g5 10. Nc4 Nxe4 11. Qd4 O-O 12. Qxe4 f5 13. Qd3 Be7 14. Be3 Nc6
15. Bb6 Qb8 16. Bc5 b5 17. Nd6 Ne5 18. Qd2 Bb7 19. Nxb7 1-0

[Event "Amagermesterskabet 2010"]
[Site "Sundbyoster"]
[Date "2010.09.28"]
[Round "5"]
[White "Justesen, Martin"]
[Black "Jensen, Simon Stibolt"]
[Result "1-0"]
[WhiteElo "1586"]
[BlackElo "1250"]
[PlyCount "63"]
[EventDate "2010.??.??"]

1. e4 e5 2. Nf3 Nc6 3. Nc3 Nf6 4. Bb5 Bb4 5. O-O d6 6. d3 h6 7. Nd5 Ba5 8. Ne3
O-O 9. c3 Bg4 10. Nxg4 Nxg4 11. h3 Nf6 12. Bxc6 bxc6 13. Qa4 Bb6 14. Qxc6 Nh5
15. d4 f5 16. exf5 Rxf5 17. g4 Rf6 18. Qd5+ Kh8 19. gxh5 Rf5 20. Qe4 Rxh5 21.
Qg6 Rxh3 22. Qg4 Rxf3 23. Qxf3 Qg8 24. Be3 Rf8 25. Qg4 Rf6 26. dxe5 Re6 27.
Bxb6 Qe8 28. Kh1 Rxe5 29. f4 Rh5+ 30. Kg1 g6 31. Bd4+ Kh7 32. Rae1 1-0

[Event "Amagermesterskabet 2010"]
[Site "Sundbyoster"]
[Date "2010.10.12"]
[Round "5"]
[White "Larsen, Ulrik Jejlskov"]
[Black "Varming, Thomas"]
[Result "0-1"]
[WhiteElo "1526"]
[BlackElo "1758"]
[PlyCount "26"]
[EventDate "2010.??.??"]

1. d4 d5 2. e3 c6 3. Bd3 Nf6 4. Nd2 Bg4 5. Ngf3 Nbd7 6. O-O e5 7. dxe5 Nxe5 8.
Be2 Qc7 9. Nxe5 Bxe2 10. Qxe2 Qxe5 11. e4 O-O-O 12. Re1 dxe4 13. Nxe4 Qxe4 0-1

[Event "Amagermesterskabet 2010"]
[Site "Sundbyoster"]
[Date "2010.09.28"]
[Round "5"]
[White "Lunding, Peter M"]
[Black "Petersen, Nils"]
[Result "1/2-1/2"]
[WhiteElo "1915"]
[BlackElo "2039"]
[PlyCount "27"]
[EventDate "2010.??.??"]

1. d4 Nf6 2. Nf3 e6 3. Bg5 h6 4. Bh4 c5 5. e3 b6 6. Bd3 Bb7 7. Nbd2 Be7 8. c3
d5 9. Ne5 Nfd7 10. Bxe7 Qxe7 11. Nxd7 Nxd7 12. O-O O-O 13. f4 f5 14. Nf3
1/2-1/2

[Event "Amagermesterskabet 2010"]
[Site "Sundbyoster"]
[Date "2010.09.28"]
[Round "5"]
[White "Mollmann, Erik"]
[Black "Nielsen, Bjorn"]
[Result "1-0"]
[WhiteElo "1528"]
[BlackElo "1050"]
[PlyCount "81"]
[EventDate "2010.??.??"]

1. d4 d5 2. Nf3 e6 3. Bf4 h6 4. h3 Bd6 5. Qd2 Bxf4 6. Qxf4 Ne7 7. e3 a6 8. Bd3
O-O 9. Nbd2 Nd7 10. O-O Nf6 11. g4 Ng6 12. Qg3 Re8 13. Ne5 Nd7 14. Nxg6 fxg6
15. Bxg6 Rf8 16. f4 Nf6 17. Rae1 Ne4 18. Nxe4 dxe4 19. Bxe4 c6 20. g5 h5 21.
Qh4 Qe8 22. g6 Rf5 23. Bxf5 e5 24. Qxh5 Bxf5 25. Qxf5 e4 26. Rf2 Rd8 27. c4 Rd6
28. Rg2 Rf6 29. Qh5 Kf8 30. Qh8+ Ke7 31. Qxg7+ Ke6 32. d5+ cxd5 33. cxd5+ Kd6
34. Qxf6+ Kc7 35. Rc1+ Kb8 36. Qe5+ Qxe5 37. fxe5 b5 38. g7 a5 39. d6 a4 40.
Rc7 b4 41. g8=Q# 1-0

[Event "Amagermesterskabet 2010"]
[Site "Sundbyoster"]
[Date "2010.09.28"]
[Round "5"]
[White "Nielsen, Mogens Bach"]
[Black "Aabling Thomsen, Jakob"]
[Result "0-1"]
[WhiteElo "1862"]
[BlackElo "2326"]
[PlyCount "92"]
[EventDate "2010.??.??"]

1. d4 g6 2. e4 Bg7 3. Nf3 d6 4. c3 Nf6 5. Bd3 O-O 6. O-O c5 7. h3 Nc6 8. d5 Nb8
9. Be3 e6 10. Qc2 exd5 11. exd5 Nxd5 12. Bg5 Qc7 13. Na3 a6 14. Nc4 Nb6 15. Bf4
Nxc4 16. Bxc4 Nc6 17. Qd2 Ne5 18. Nxe5 dxe5 19. Bh6 Bd7 20. Rfe1 Bc6 21. Bxg7
Kxg7 22. Qe3 f6 23. Qxc5 b6 24. Qb4 a5 25. Qb3 Rad8 26. Rad1 Qb7 27. Bf1 Bd5
28. c4 Bc6 29. Rxd8 Rxd8 30. Rd1 Qc7 31. Rxd8 Qxd8 32. Qd3 Qxd3 33. Bxd3 e4 34.
Bc2 f5 35. Kf1 Kf6 36. Ke2 Ke5 37. b3 Kd4 38. Kd2 f4 39. g3 Bd7 40. g4 g5 41.
Bd1 Be8 42. a4 Bg6 43. Ke2 h5 44. Kd2 h4 45. Ke2 e3 46. fxe3+ fxe3 0-1

[Event "Amagermesterskabet 2010"]
[Site "Sundbyoster"]
[Date "2010.09.28"]
[Round "5"]
[White "Svensson, John Michael"]
[Black "Friis, Jordy"]
[Result "0-1"]
[WhiteElo "1440"]
[BlackElo "1469"]
[PlyCount "110"]
[EventDate "2010.??.??"]

1. d4 d5 2. c4 dxc4 3. Qa4+ c6 4. Qxc4 Nf6 5. Nc3 Bf5 6. Nf3 e6 7. Bg5 Be7 8.
Bxf6 Bxf6 9. e4 Bg6 10. Be2 Nd7 11. Rd1 Qb6 12. Rd2 O-O 13. O-O Rac8 14. b4 e5
15. Na4 Qc7 16. Nc5 exd4 17. Nxd7 Qxd7 18. e5 Bd8 19. Rxd4 Qe7 20. Re1 Bb6 21.
Rd2 Rcd8 22. Bd3 Bxd3 23. Rxd3 Rxd3 24. Qxd3 Qxb4 25. Rb1 Qc5 26. Qe2 Rd8 27.
Ng5 h6 28. Nf3 Qd5 29. h3 Qd3 30. Qb2 c5 31. Re1 c4 32. e6 fxe6 33. Ne5 Qd4 34.
Qe2 Qd2 35. Nxc4 Qxe2 36. Rxe2 Bc7 37. g3 Kf7 38. f4 Kf6 39. Kg2 b5 40. Ne3 a5
41. Rc2 Rd7 42. f5 Be5 43. fxe6 Kxe6 44. Ng4 h5 45. Nh2 b4 46. Nf3 Bc3 47. Kf2
Kf6 48. Ke3 g5 49. Nd2 Bxd2+ 50. Rxd2 Rxd2 51. Kxd2 Ke5 52. Ke3 a4 53. Kd3 b3
54. axb3 axb3 55. h4 gxh4 0-1